000 00982nam0a22003011 4500
001 RU\INFOCOMM_61\NLR\5000122752
005 20250613105832.0
035 _a(NLR Aleph) 009531504
090 _a8890668
_c8890668
100 _a20130305d1984 |||y0rusy50 ca
101 1 _aeng
_crus
102 _aRU
105 _aa z |||||
200 1 _aComputational mathematics
_eWorked examples and problems with elements of theory
_e[Transl. from the Russ. ...]
_fN. V. Kopchenova and I. A. Maron
205 _a3d print.
210 _aM.
_cMir
_d1984
215 _a395 с.
_cил.
620 _aМосква
686 _aМт-985(Задачи.ВУЗ)
_2rubbk
686 _aˆ[‰В192я73-4]
_2rubbk
700 1 _9z01790
_aKopčenova
_bN. V.
_gNatalija Vasil'evna
701 1 _aMaron
_bI. A.
_f1911-1980
_gIsaak Abramovič
790 1 _9z01700
_aKopchenova
_bN. V.
_4070
801 1 _aRU
_bNLR
_c20121211
801 0 _aRU
_bINFOCOMM
_gPSBO
852 _aNLR
_jМт01 Д-5/654
942 _cBOOK
980 _aNB